00683nam a2200157Ia 4500008004100000100002300041245014700064245006700211260005300278260001800331300000800349650001500357856006100372999001900433952007300452170221s9999 xx 000 0 und d aLomendra Vencataya aAssessing the Impact of Supply Chain Management on Competitive Advantage and Operational Performance: A Case of Four Star Hotels of Mauritius  cLomendra Vencataya, Ashley Keshwar Seebaluck, Deveshika Doorga bInternational Review of Management and Marketing cFebruary 2015 a4:1 xMarketing. uhttp://www.econjournals.com/index.php/irmm/issue/view/77 c310021d310021 001040aCLbCLd2017-02-21l0r2017-02-21 00:00:00w2017-02-21yFOJ